000
00476nam a2200157Ia 4500
008
100122s9999 xx 000 0 und d
082
_b
46895
_a
BM822.08
100
_a
निमकर प्रतिभा
245
_a
तीन बालनाटिका
250
_a
0
260
_b
प्रतिभा निमकर
_c
1984
300
_a
48
630
_a
तीन बालनाटिका
730
_a
तीन बालनाटिका
942
_c
BOOK
999
_c
425898
_d
425895